000 00372nam a2200145 i 4500
001 bg
100 1 _aMAŁOLEPSZY, Bogdan
245 0 _aBudownictwo jednorodzinne /
_cBogdan Małolepszy, Miriam Wiśniewska.
260 _aWarszawa,
_c1976.
700 1 _aWIŚNIEWSKA, Miriam
040 _cBPK
041 _apol
942 _cKS
008 s pl f |000 0 pol
999 _c16953
_d16953
856 _uhttp://koha.tu.koszalin.pl/cgi-bin/koha/opac-detail.pl?biblionumber=16953
_yKatalog online BPK